Tôn Tử binh pháp và 36 kế

Nội dung giới thiệu các binh pháp của Tôn Tử và ứng dụng 36 kế vào nghệ thuật quân sự. Trong mỗi kế của Tôn Tử tác giả đưa vào những áp dụng thực tế các trận đánh của các nhà quân sự thời nay dùng những kế của Tôn Tử....

全面介紹

Đã lưu trong:
書目詳細資料
主要作者: Duy Hinh
格式: 圖書
語言:Undetermined
出版: Hà Nội Thanh Hóa 2009
主題:
標簽: 添加標簽
沒有標簽, 成為第一個標記此記錄!
Thư viện lưu trữ: Trung tâm Học liệu Trường Đại học Cần Thơ
LEADER 00885nam a2200205Ia 4500
001 CTU_147665
008 210402s9999 xx 000 0 und d
020 |c 81000 
082 |a 355.02 
082 |b D523 
100 |a Duy Hinh 
245 0 |a Tôn Tử binh pháp và 36 kế 
245 0 |c Duy Hinh 
260 |a Hà Nội 
260 |b Thanh Hóa 
260 |c 2009 
520 |a Nội dung giới thiệu các binh pháp của Tôn Tử và ứng dụng 36 kế vào nghệ thuật quân sự. Trong mỗi kế của Tôn Tử tác giả đưa vào những áp dụng thực tế các trận đánh của các nhà quân sự thời nay dùng những kế của Tôn Tử. 
650 |a Military science,Khoa học Quân sự 
904 |i QHieu 
980 |a Trung tâm Học liệu Trường Đại học Cần Thơ